| 000 | 00784cam a2200205 a 4500 | ||
|---|---|---|---|
| 001 | 2036244 | ||
| 003 | ARRUPE | ||
| 005 | 20131010141624.0 | ||
| 008 | 850726s1959 it 000 0 lat d | ||
| 035 | _a(OCoLC)ocm12311000 | ||
| 040 |
_aMNZ _cMNZ _dOCL _dZCU |
||
| 050 | _aREF BS75 1959 | ||
| 130 | 0 |
_aBible. _lLatin. _sVulgate. _f1959. _92404 |
|
| 245 | 1 | 0 |
_aBibliorum sacrorum iuxta Vulgatam Clementinam nova editio : _bbreviario perpetuo et concordantiis aucta adnotatis etiam locis qui in monumentis fidei sollemnioribus et in liturgia romana usurpari consueverunt / _ccuravit Aloisius Gramatica. |
| 260 |
_a[Rome] : _bTypis Polyglottis Vaticanis, _c1959. |
||
| 300 |
_a1186 ; _c22 cm. |
||
| 700 | 1 |
_aGramatica, Luigi, _d1865-1935. _92405 |
|
| 942 |
_2lcc _cMONOGRAPH |
||
| 999 |
_c118315 _d118315 |
||